000 00455nam a2200169Ia 4500
008 210210b2002 xxu||||| |||| 00| 0 eng d
020 _a81 7520 069 3
082 _a378.0025 UNIV
100 _aASSOCIATION OF INDIAN UNIVERSITIES.
245 _aUNIVERSITIES handbook. Ed 29.
250 _a
260 _aNew Delhi.
_bAssociation of indian universities
_c2002
300 _axxii,1252
650 _aAIU
690 _aHigher Education
906 _a057859
999 _c105225
_d105225